00214nam a22001097a 450000500170000000800410001701000100005801100100006803500100007824500090008826000070009720220127140424.0020426d1999 us a r 00110 spa d a85660 a86632 a971710 c/por c19